header

Piaget for teachers (Record no. 261305)

MARC details
000 -LEADER
fixed length control field 00510nam a22001817a 4500
003 - CONTROL NUMBER IDENTIFIER
control field OSt
005 - DATE AND TIME OF LATEST TRANSACTION
control field 20231102095839.0
008 - FIXED-LENGTH DATA ELEMENTS--GENERAL INFORMATION
fixed length control field 231102b xxu||||| |||| 00| 0 eng d
010 ## - LIBRARY OF CONGRESS CONTROL NUMBER
LC control number 72106001
020 ## - INTERNATIONAL STANDARD BOOK NUMBER
International Standard Book Number 0136749372(pbk.)
040 ## - CATALOGING SOURCE
Original cataloging agency DLC
Transcribing agency DLC
Modifying agency DLC
050 ## - LIBRARY OF CONGRESS CALL NUMBER
Classification number LB775.P49
Item number .F8 1970
100 ## - MAIN ENTRY--PERSONAL NAME
Personal name Furth, Hans G.
245 ## - TITLE STATEMENT
Title Piaget for teachers
Statement of responsibility, etc [by] Hans G. Furth.
260 ## - PUBLICATION, DISTRIBUTION, ETC. (IMPRINT)
Place of publication, distribution, etc Englewood Cliffs, N.J.,
Name of publisher, distributor, etc Prentice-Hall
Date of publication, distribution, etc [1970]
300 ## - PHYSICAL DESCRIPTION
Extent xii, 163 p.
Other physical details illus.
Dimensions 22 cm.
942 ## - ADDED ENTRY ELEMENTS (KOHA)
Source of classification or shelving scheme Library of Congress Classification
Koha item type Long Loan Books
Holdings
Withdrawn status Lost status Source of classification or shelving scheme Damaged status Not for loan Collection code Home library Current library Shelving location Date acquired Total Checkouts Full call number Barcode Date last seen Price effective from Koha item type
    Library of Congress Classification     Non-fiction Rongo University Library Rongo University Library General Stacks 02/11/2023   LB775.P49 .F8 1970 201615905 02/11/2023 02/11/2023 Long Loan Books

© 2026 Rongo University
Contact us: librarian | system librarian | Rongo university